000
00200nam a2200097Ia 4500
008
240331s9999 xx 000 0 und d
082
_b
PAV
100
_a
Pavithra
245
0
_a
Urasal osaihal
942
_c
L
999
_c
4636
_d
4636